[Event "TUR Cup"]
[Site "Antalya"]
[Date "2019.01.30"]
[Round "6"]
[White "Durucay, Ethem"]
[Black "Gok, Muhsin"]
[Result "0-1"]
[WhiteElo "1561"]
[BlackElo "1730"]
[PlyCount "148"]
[EventDate "2019.01.27"]
[EventType "swiss"]
[EventRounds "11"]
[EventCountry "TUR"]
[SourceTitle "CBM 188 Extra"]
[Source "ChessBase"]
[SourceDate "2019.02.26"]
[SourceVersion "1"]
[SourceVersionDate "2019.02.26"]
[SourceQuality "1"]

1. c4 g6 2. Nf3 c5 3. e3 Bg7 4. Be2 Nf6 5. Nc3 Nc6 6. d4 cxd4 7. exd4 d5 8. 0-0 0-0 9. Ne5 dxc4 10. Nxc6 bxc6 11. Bxc4 Nd5 12. Qb3 Be6 13. Ne2 a5 14. a3 Qc7 15. Bd2 Rfd8 16. Bc3 Rab8 17. Qa2 a4 18. Rac1 Bh6 19. Rcd1 Bg4 20. h3 Bxe2 21. Bxe2 e6 22. Bd2 Bg7 23. Be3 Nxe3 24. fxe3 Rb3 25. Rf3 Qb6 26. Rdf1 Rxb2 27. Qc4 Rf8 28. Rxf7 Re8 29. Bg4 Qb3 30. Qxc6 Qxe3+ 31. Kh1 Rbb8 32. Qc7 Bxd4 33. Qd6 Be5 34. Qd7 Qg3 35. Kg1 Qh2+ 36. Kf2 Rb2+ 37. Be2 Qg3+ 38. Kg1 Reb8 39. Rf8+ Rxf8 40. Qxe6+ Kg7 41. Qe7+ Kh6 42. Qxf8+ Bg7 43. Qe7 Rb3 44. Rf7 Qe3+ 45. Qxe3+ Rxe3 46. Bb5 Rxa3 47. Rf4 Ra1+ 48. Kf2 a3 49. Rh4+ Kg5 50. Rxh7 Bd4+ 51. Kg3 Be5+ 52. Kf2 a2 53. h4+ Kf6 54. g4 Bd4+ 55. Kf3 Rf1+ 56. Bxf1 a1Q 57. g5+ Ke6 58. Bh3+ Kd6 59. h5 Qc3+ 60. Kg4 Qc8+ 61. Kg3 Be5+ 62. Kg2 Qc2+ 63. Kf3 Qd3+ 64. Kf2 Qg3+ 65. Ke2 Qxh3 66. hxg6 Qg2+ 67. Kd3 Qxg5 68. Kc4 Qxg6 69. Rg7 Qc2+ 70. Kb5 Qb3+ 71. Ka6 Kc6 72. Rc7+ Kxc7 73. Ka5 Kc6 74. Ka6 Qb6# 0-1

[Event "TUR Cup"]
[Site "Antalya"]
[Date "2019.01.27"]
[Round "1"]
[White "Gok, Muhsin"]
[Black "Ozkan, Ervin"]
[Result "0-1"]
[WhiteElo "1730"]
[BlackElo "2150"]
[PlyCount "46"]
[EventDate "2019.01.27"]
[EventType "swiss"]
[EventRounds "11"]
[EventCountry "TUR"]
[SourceTitle "CBM 188 Extra"]
[Source "ChessBase"]
[SourceDate "2019.02.26"]
[SourceVersion "1"]
[SourceVersionDate "2019.02.26"]
[SourceQuality "1"]

1. d4 Nf6 2. Nc3 d5 3. f4 c5 4. e3 Nc6 5. Nf3 Bg4 6. Be2 e6 7. 0-0 Be7 8. Ne5 Bxe2 9. Qxe2 0-0 10. Rd1 Qb6 11. Qd3 Rac8 12. a3 Nxe5 13. fxe5 Nd7 14. Kh1 f6 15. exf6 Nxf6 16. dxc5 Bxc5 17. b4 Ng4 18. Kg1 Qc7 19. g3 Nxh2 20. Kxh2 Rf2+ 21. Kh3 Qe5 22. Kg4 Rh2 23. e4 h5+ 0-1

[Event "Manavgat Turkey Cup"]
[Site "Manavgat"]
[Date "2016.02.04"]
[Round "9"]
[White "Gok, Muhsin"]
[Black "Guler, Eren Can"]
[Result "1-0"]
[WhiteElo "1784"]
[BlackElo "1480"]
[PlyCount "63"]
[EventDate "2016.01.30"]
[EventType "swiss"]
[EventRounds "11"]
[EventCountry "TUR"]
[SourceTitle "CBM 170 Extra"]
[Source "ChessBase"]
[SourceDate "2016.02.25"]
[SourceVersion "1"]
[SourceVersionDate "2016.02.25"]
[SourceQuality "1"]

1. e4 d5 2. exd5 Qxd5 3. Nc3 Qa5 4. Nf3 Nf6 5. Bc4 Bg4 6. 0-0 Nc6 7. d4 e6 8. h3 Bh5 9. Bb5 Qb6 10. Be3 Nd5 11. Nxd5 exd5 12. a4 Bd6 13. c4 Bb4 14. cxd5 a6 15. dxc6 axb5 16. d5 Bc5 17. Bxc5 Qxc5 18. Re1+ Kf8 19. cxb7 Rb8 20. axb5 Qxb5 21. d6 Qxb7 22. Qe2 cxd6 23. Qd2 Qb6 24. Qg5 g6 25. Qf6 Rg8 26. Ng5 Rg7 27. Ne6+ Ke8 28. Nxg7+ Kd7 29. Qe7+ Kc6 30. Rac1+ Kb5 31. Qd7+ Kb4 32. Re4+ 1-0

[Event "Manavgat Turkey Cup"]
[Site "Manavgat"]
[Date "2016.02.04"]
[Round "8"]
[White "Zekeriyaoglu, Ersen"]
[Black "Gok, Muhsin"]
[Result "1-0"]
[WhiteElo "2074"]
[BlackElo "1784"]
[PlyCount "85"]
[EventDate "2016.01.30"]
[EventType "swiss"]
[EventRounds "11"]
[EventCountry "TUR"]
[SourceTitle "CBM 170 Extra"]
[Source "ChessBase"]
[SourceDate "2016.02.25"]
[SourceVersion "1"]
[SourceVersionDate "2016.02.25"]
[SourceQuality "1"]

1. e4 c5 2. c3 Nc6 3. d4 d6 4. Nf3 Bg4 5. d5 Nb8 6. Nbd2 e5 7. dxe6 Bxe6 8. Bb5+ Nc6 9. 0-0 Be7 10. Re1 Qb6 11. a4 a6 12. Bc4 Rd8 13. Bxe6 fxe6 14. Ng5 Bxg5 15. Nc4 Qc7 16. Bxg5 Nf6 17. Qb3 0-0 18. Ne3 Rde8 19. f3 Kh8 20. Rad1 Na5 21. Qa2 h6 22. Bh4 b5 23. Bg3 e5 24. b4 Nb7 25. Re2 c4 26. Red2 Rd8 27. axb5 axb5 28. Qa6 Nh5 29. Qxb5 Rc8 30. Nd5 Qf7 31. Ra2 Nf4 32. Bxf4 exf4 33. Ra7 Rb8 34. Qxc4 Qe6 35. Qa6 Rf7 36. c4 h5 37. c5 Qe5 38. c6 Nc5 39. bxc5 Rxa7 40. Qxa7 Rb2 41. c7 Qg5 42. c8Q+ Kh7 43. Qf5+ 1-0

[Event "Manavgat Turkey Cup"]
[Site "Manavgat"]
[Date "2016.02.01"]
[Round "4"]
[White "Tolon, Adman Devran"]
[Black "Gok, Muhsin"]
[Result "1-0"]
[WhiteElo "1507"]
[BlackElo "1784"]
[PlyCount "133"]
[EventDate "2016.01.30"]
[EventType "swiss"]
[EventRounds "11"]
[EventCountry "TUR"]
[SourceTitle "CBM 170 Extra"]
[Source "ChessBase"]
[SourceDate "2016.02.25"]
[SourceVersion "1"]
[SourceVersionDate "2016.02.25"]
[SourceQuality "1"]

1. d4 d5 2. c4 Nf6 3. cxd5 Nxd5 4. e4 Nf6 5. Nc3 c6 6. g3 e6 7. Bg2 Be7 8. Nge2 0-0 9. 0-0 a5 10. a4 Na6 11. h3 Nb4 12. Be3 b6 13. Qd2 Ba6 14. Rfd1 Qc7 15. Nf4 Rfd8 16. e5 Nfd5 17. Ncxd5 cxd5 18. Bf1 Rac8 19. Bxa6 Nxa6 20. Rac1 Qd7 21. b3 Ba3 22. Rxc8 Rxc8 23. Qe2 Nc7 24. Nh5 Ne8 25. Nf4 f5 26. exf6 Nxf6 27. Nd3 Ne4 28. Ne5 Qe8 29. Ra1 Bd6 30. Nd3 Qg6 31. Bf4 Rc3 32. Bxd6 Nxd6 33. Nf4 Qe4 34. Qxe4 Nxe4 35. Nxe6 Rxb3 36. Nf4 Nc3 37. Kg2 g5 38. Ne6 h6 39. f4 Ne4 40. g4 Rb2+ 41. Kf3 Rb3+ 42. Kg2 Kf7 43. f5 Rb4 44. Rc1 Rxa4 45. Rc7+ Ke8 46. Ng7+ Kf8 47. Ne6+ Kg8 48. Rc8+ Kf7 49. Rc7+ Kf6 50. Nd8 Rxd4 51. Rf7+ Ke5 52. Nc6+ Kf4 53. Nxd4 Ke3 54. Re7 Kxd4 55. Rxe4+ dxe4 56. f6 Kd3 57. f7 e3 58. f8Q b5 59. Qa3+ Kc4 60. Qxa5 b4 61. Kf3 b3 62. Kxe3 b2 63. Qa2+ Kc3 64. Qb1 Kb3 65. Kd4 h5 66. gxh5 g4 67. hxg4 1-0